Eye - Statistics

General Stats
  • This quiz has been taken 40 times
    16 since last reset
  • The average score is 23 of 42
Answer Stats
Picture Answer % Correct
Chick
100%
Owl
100%
Pig
100%
Zebra
100%
Grasshopper
86%
Guinea Pig
86%
Jaguar
86%
Lion
86%
Rabbit
86%
Tiger
86%
Gorilla
71%
Parrot
71%
Shark
71%
Snake
71%
Bear
57%
Cow
57%
Dog
57%
Fly
57%
Fox
57%
Frog
57%
Meerkat
57%
Monkey
57%
Spider
57%
Cat
43%
Chicken
43%
Horse
43%
Iguana
43%
Mouse
43%
Racoon
43%
Aligator
29%
Elephant
29%
Fish
29%
Hedgehog
29%
Sheep
29%
Skunk
29%
Walrus
29%
Deer
14%
Killer Whale
14%
Nugget
14%
Pigeon
14%
Snail
14%
Turtle
14%
No matching quizzes found
Score Distribution
Percent of People with Each Score
Percentile by Number Answered
Your Score History
You have not taken this quiz since the last reset